Cuentos de América: Antología

Na minha lista:
Detalhes bibliográficos
Main Authors: Sotelo Aguilar, Jorge (Author), Quiroga, Horacio (Author), Castro, Oscar (Author), Yáñez, Agustín (Author), Alliende, Felipe (Author), Poblete Varas, Hernán (Author), Ibarbourou, Juana de (Author)
Outros Autores: Lugones, Leopoldo (autor)
Formato: Livro
Idioma:espanhol
Publicado em: Santiago Pehuén 1995
Colecção:Gran biblioteca soluciones escolares
Assuntos:
Tags: Adicionar Tag
Sem tags, seja o primeiro a adicionar uma tag!

MARC

LEADER 00000nam a2200000 a 4500
001 UCH8120
003 CL-VaPUC
005 20241216091308.0
008 091127e19950000CL |||||||||||||||||spa|d
999 |c 338363  |d 338361 
020 |a 9561602768 
040 |c Pontificia Universidad Católica de Valparaíso 
082 0 4 |a H863  |b SOT  |2 21 
100 0 |a Sotelo Aguilar, Jorge  |e author  |9 544561 
245 1 0 |a Cuentos de América: Antología 
246 1 3 |a El loro pelado 
246 1 3 |a El jilguero 
246 1 0 |a Episodio del cometa que vuela 
246 1 3 |a El día de las bacterias 
246 1 0 |a Cuenta regresiva 
246 1 0 |a Tilo 
246 1 0 |a Yzur 
260 |a Santiago  |b Pehuén  |c 1995 
300 |a 80 p 
490 0 |a Gran biblioteca soluciones escolares 
583 |a last modification  |c 20091127 00:00:00  |k Rodrigo Vera 
650 0 |a Cuentos hispanoamericanos  |9 312389 
650 0 |a Cuentos latinoamericanos  |9 317166 
650 0 |a Antologías  |9 309836 
650 0 |a Literatura hispanoamericana  |9 269097 
700 |a Quiroga, Horacio  |e author  |9 371721 
700 0 |a Castro, Oscar  |e author  |9 330530 
700 0 |a Yáñez, Agustín  |e author  |9 544562 
700 0 |a Alliende, Felipe  |e author  |9 544563 
700 0 |a Poblete Varas, Hernán  |e author  |9 544564 
700 |a Ibarbourou, Juana de  |e author  |9 858012 
700 |a Lugones, Leopoldo  |e autor  |9 861236 
852 |a BIBCUR 
942 |c BK  |2 ddc 
945 |d 20091127 00:00:00  |a lazolas